Daya pengaruh dan perubahan sikap

Bibliographic Details
Main Author: Abdullah Hasan
Other Authors: Ainon Mohd
Format: Book
Published: Kuala Lumpur : Utusan Publicayions , 1997
Subjects:

MARC

LEADER 00000cam a2200000 7i4500
001 0000006187
005 20220616.0
020 |a 967610812X 
040 |a INS 
090 0 0 |a BF637.C45   |b A22 1997 
100 0 |a Abdullah Hasan 
245 1 0 |a Daya pengaruh dan perubahan sikap   |c Abdullah Hasan, Ainon Mohd. 
260 |a Kuala Lumpur :   |b Utusan Publicayions ,   |c 1997 
300 |a 361p.Ic22cm 
504 |a Includes bibliographical references 
650 0 |a Counseling 
650 0 |a Influence (Psychology) 
650 0 |a Interpersonal communication 
650 0 |a Persuasion (Psychology) 
700 0 |a Ainon Mohd. 
999 |a 0000007420   |b BOOK   |c Open Shelf   |e Default branch 
999 |a 0000009406   |b BOOK   |c Open Shelf   |e Default branch 
999 |a 0000013590   |b BOOK   |c Open Shelf   |e Default branch 
999 |a 0000013591   |b BOOK   |c Open Shelf   |e Default branch 
999 |a 0000013592   |b BOOK   |c Open Shelf   |e Default branch 
999 |a 0000013593   |b BOOK   |c Open Shelf   |e Default branch 
999 |a 0000013594   |b BOOK   |c Open Shelf   |e Default branch